[Event "DSM WK M 2011"]
[Site "Karlsruhe GER"]
[Date "2011.05.14"]
[Round "4"]
[White "Frey, Alisa"]
[Black "Evers, Annika"]
[Result "1-0"]
[Termination "normal"]
[Board "1.1"]
[WhiteElo "2014"]
[BlackElo "1708"]
[WhiteTeam "Lise-Meitner-Gymnasium Königsbach-Stein"]
[BlackTeam "Athenaeum Stade"]
[PlyCount "85"]
[WhiteFideId "24634662"]
[BlackFideId "24691933"]
[EventCountry "GER"]
[EventRounds "7"]
[EventType "team-swiss"]
[EventDate "2011.05.12"]

1. e4 c5 2. Nf3 e6 3. d4 cxd4 4. Nxd4 Nf6 5. Nc3 Nc6 6. Ndb5 d6 7. Bf4 e5 8.
Bg5 a6 9. Na3 b5 10. Nd5 Be7 11. Bxf6 Bxf6 12. c3 Ne7 13. Nxf6+ gxf6 14. Nc2 f5
15. exf5 Bxf5 16. Ne3 Be6 17. a4 Rb8 18. axb5 axb5 19. Ra6 d5 20. Qh5 Ng6 21.
Be2 b4 22. O-O bxc3 23. bxc3 Qc7 24. Bg4 Nf4 25. Rxe6+ Nxe6 26. Bxe6 d4 27. Nd5
Qb7 28. Qxe5 fxe6 29. Qxh8+ Kd7 30. Qxh7+ Kd6 31. Qxb7 Rxb7 32. Nf4 dxc3 33.
Ne2 c2 34. Nd4 Rb2 35. h4 Kd5 36. Nxc2 Rxc2 37. Re1 e5 38. g3 e4 39. Kg2 Ke5
40. Re3 Kf5 41. Ra3 Rb2 42. Ra5+ Kg4 43. Rg5# 1-0

[Event "DSM WK M 2011"]
[Site "Karlsruhe GER"]
[Date "2011.05.14"]
[Round "4"]
[White "Lange, Anika"]
[Black "Kühnel, Lena"]
[Result "1-0"]
[Termination "normal"]
[Board "1.2"]
[WhiteElo "1450"]
[BlackElo "1863"]
[WhiteTeam "Athenaeum Stade"]
[BlackTeam "Lise-Meitner-Gymnasium Königsbach-Stein"]
[PlyCount "132"]
[WhiteFideId "24693405"]
[BlackFideId "24640956"]
[EventCountry "GER"]
[EventRounds "7"]
[EventType "team-swiss"]
[EventDate "2011.05.12"]

1. d4 d5 2. Nf3 Nf6 3. e3 e6 4. Bd3 Bd6 5. O-O Nbd7 6. b3 e5 7. dxe5 Nxe5 8.
Be2 O-O 9. Bb2 Ng6 10. Nbd2 Re8 11. c4 c6 12. Rc1 Bg4 13. h3 Bd7 14. Nb1 Ne5
15. Nc3 Be6 16. cxd5 Nxd5 17. Qd4 Qf6 18. Ne4 Nxf3+ 19. Bxf3 Qxd4 20. Bxd4 Ba3
21. Rcd1 {(=)} b6 22. Nc3 Nxc3 23. Bxc3 Rac8 24. Rd2 Be7 25. Rfd1 c5 26. Bb7
Rcd8 27. Bc6 Rxd2 28. Rxd2 Rd8 29. Rxd8+ Bxd8 30. Be5 c4 31. bxc4 Bxc4 32. a4
a6 33. Bb7 f6 34. Bd4 Kf7 35. f4 f5 36. Kf2 g6 37. g4 Ke6 38. Bc8+ Kd6 39. gxf5
Bh4+ 40. Kf3 Bd3 41. fxg6 hxg6 42. Kg4 Bd8 43. h4 Be2+ 44. Kg3 Kc7 45. Be6 b5
46. axb5 axb5 47. Bf7 Bd3 48. h5 gxh5 49. Bxh5 b4 50. Bf7 Bc2 51. Kg4 b3 52. f5
Kd6 53. Bb2 Bd1+ 54. Kf4 Ke7 55. Bc4 Bc7+ 56. Kg5 Kf8 57. e4 Bc2 58. e5 Bd8+
59. Kf4 Be7 60. f6 Bd8 61. Kg5 Bh7 62. Bxb3 Bd3 63. e6 Bb5 64. Ba3+ Kg8 65. e7+
Kh7 66. exd8=Q Bd3 1-0

[Event "DSM WK M 2011"]
[Site "Karlsruhe GER"]
[Date "2011.05.14"]
[Round "4"]
[White "Roether, Barbara"]
[Black "Steffens, Skrolan"]
[Result "0-1"]
[Termination "normal"]
[Board "1.3"]
[WhiteElo "800"]
[BlackElo "1353"]
[WhiteTeam "Lise-Meitner-Gymnasium Königsbach-Stein"]
[BlackTeam "Athenaeum Stade"]
[PlyCount "60"]
[EventCountry "GER"]
[EventRounds "7"]
[EventType "team-swiss"]
[EventDate "2011.05.12"]

1. e4 g6 2. d4 Bg7 3. Nf3 d6 4. Nc3 a6 5. a3 Nd7 6. Bf4 b5 7. g3 Bb7 8. Bh3 e6
9. O-O Ne7 10. Bg5 Nf6 11. Bxf6 Bxf6 12. Bg4 h5 13. Bh3 g5 14. Nd2 Bxd4 15. Bg2
Qd7 16. Nf3 Bf6 17. Re1 e5 18. Bf1 O-O-O 19. Nd5 Nxd5 20. exd5 g4 21. Nd2 h4
22. gxh4 Rxh4 23. Re4 Bxd5 24. Re3 Rdh8 25. Bg2 e4 26. Re2 Rxh2 27. Bh1 Rxh1+
28. Kg2 e3+ 29. f3 gxf3+ 30. Kg3 Be5# 0-1

[Event "DSM WK M 2011"]
[Site "Karlsruhe GER"]
[Date "2011.05.14"]
[Round "4"]
[White "Gerdts, Martina"]
[Black "Kauselmann, Laura"]
[Result "0-1"]
[Termination "normal"]
[Board "1.4"]
[WhiteElo "780"]
[BlackElo "899"]
[WhiteTeam "Athenaeum Stade"]
[BlackTeam "Lise-Meitner-Gymnasium Königsbach-Stein"]
[PlyCount "106"]
[WhiteFideId "12930628"]
[EventCountry "GER"]
[EventRounds "7"]
[EventType "team-swiss"]
[EventDate "2011.05.12"]

1. d4 d5 2. c4 Nf6 3. Nc3 Nc6 4. cxd5 Nxd5 5. Nxd5 Qxd5 6. Nf3 Bf5 7. a3 e6 8.
e3 a6 9. Bd2 Bd6 10. b3 b5 11. a4 bxa4 12. Rxa4 a5 13. Bc4 Qe4 14. Qa1 O-O 15.
Bxa5 Nxa5 16. Rxa5 Rxa5 17. Qxa5 Qb1+ 18. Ke2 Qxh1 19. g3 Bg4 20. Bd5 exd5 21.
Qxd5 Bxf3+ 22. Qxf3 Qxf3+ 23. Kxf3 Rb8 24. Ke4 Rxb3 25. f4 g6 26. h4 Rb5 27. g4
f5+ 28. gxf5 gxf5+ 29. Kf3 Be7 30. h5 c6 31. e4 fxe4+ 32. Kxe4 Rxh5 33. f5 Bf6
34. Kd3 Rxf5 35. Kc4 Be7 36. Kc3 c5 37. Kd3 cxd4 38. Kxd4 h5 39. Ke4 Rf8 40.
Kd5 h4 41. Ke6 Bb4 42. Kd5 h3 43. Kc4 Be7 44. Kd5 h2 45. Ke6 Ba3 46. Ke5 h1=Q
47. Kd4 Qe1 48. Kd5 Rd8+ 49. Kc6 Qc1+ 50. Kb7 Be7 51. Kb6 Rb8+ 52. Ka7 Rb3 53.
Ka6 Qa1# 0-1

[Event "DSM WK M 2011"]
[Site "Karlsruhe GER"]
[Date "2011.05.14"]
[Round "4"]
[White "Bach, Kira"]
[Black "Berger, Nadja"]
[Result "0-1"]
[Termination "normal"]
[Board "2.1"]
[WhiteElo "1136"]
[BlackElo "1710"]
[WhiteTeam "Auguste-Viktoria-Gymnasium Trier"]
[BlackTeam "Friedrich-Dessauer-Gymnasium Aschaffenburg"]
[PlyCount "66"]
[WhiteFideId "12907677"]
[BlackFideId "24692212"]
[EventCountry "GER"]
[EventRounds "7"]
[EventType "team-swiss"]
[EventDate "2011.05.12"]

1. e4 c5 2. c4 Nc6 3. Nc3 g6 4. d3 Bg7 5. Bd2 d6 6. h3 Nf6 7. Be2 a6 8. Bf3 Rb8
9. Nge2 O-O 10. Ng3 Nd7 11. Rb1 Nde5 12. Bf4 Nd4 13. Bxe5 Bxe5 14. O-O b5 15.
Be2 e6 16. Qd2 Qh4 17. Kh2 Bf4 18. Qd1 b4 19. Na4 Bd7 20. b3 h5 21. Rc1 Qg5 22.
Kh1 Bxc1 23. Qxc1 Qxc1 24. Rxc1 h4 25. Bd1 hxg3 26. fxg3 f5 27. exf5 exf5 28.
Nb2 Rfe8 29. Kh2 Re1 30. Rb1 Rbe8 31. Ra1 Rf1 32. a3 Ree1 33. g4 Nxb3 0-1

[Event "DSM WK M 2011"]
[Site "Karlsruhe GER"]
[Date "2011.05.14"]
[Round "4"]
[White "Mertes, Kathrin"]
[Black "Schwind, Clara"]
[Result "0-1"]
[Termination "time forfeit"]
[Board "2.3"]
[WhiteElo "840"]
[BlackElo "1313"]
[WhiteTeam "Auguste-Viktoria-Gymnasium Trier"]
[BlackTeam "Friedrich-Dessauer-Gymnasium Aschaffenburg"]
[PlyCount "88"]
[BlackFideId "12964581"]
[EventCountry "GER"]
[EventRounds "7"]
[EventType "team-swiss"]
[EventDate "2011.05.12"]

1. e4 c5 2. Nf3 Nc6 3. Bc4 g6 4. d3 Bg7 5. O-O Nf6 6. Nc3 O-O 7. Be3 b6 8. d4
cxd4 9. Nxd4 Nxd4 10. Bxd4 Bb7 11. e5 Ne4 12. Nxe4 Bxe4 13. c3 Qc7 14. e6 dxe6
15. Bxg7 Kxg7 16. Qd4+ Kg8 17. Qxe4 Rad8 18. Rad1 Rd6 19. Rfe1 Rfd8 20. Rd3 Qc8
21. Rde3 a6 22. Qh4 Kg7 23. Qxe7 Qxc4 24. Rf3 Rf8 25. Qxd6 b5 26. Qe5+ Kg8 27.
h3 Qh4 28. Qd6 Rc8 29. Rxe6 Rd8 30. Qe5 fxe6 31. Qxe6+ Kh8 32. Qe5+ Kg8 33. g3
Rd1+ 34. Kg2 Qd8 35. Qe6+ Kh8 36. h4 Rd7 37. Kh3 Qe7 38. Qf6+ Qxf6 39. Rxf6 Rd2
40. f4 Rxb2 41. Rxa6 b4 42. c4 Rc2 43. Kg4 Rxc4 44. a4 bxa3 { und nach einigen
Zügen: Zeit } 0-1

[Event "DSM WK M 2011"]
[Site "Karlsruhe GER"]
[Date "2011.05.14"]
[Round "4"]
[White "Fuks, Polina"]
[Black "Bosoy, Taja"]
[Result "0-1"]
[Termination "time forfeit"]
[Board "2.4"]
[WhiteElo "1070"]
[BlackElo "862"]
[WhiteTeam "Friedrich-Dessauer-Gymnasium Aschaffenburg"]
[BlackTeam "Auguste-Viktoria-Gymnasium Trier"]
[PlyCount "93"]
[EventCountry "GER"]
[EventRounds "7"]
[EventType "team-swiss"]
[EventDate "2011.05.12"]

1. e4 e5 2. Nf3 Nc6 3. Bb5 Bd6 4. O-O Nf6 5. Re1 a6 6. Ba4 b5 7. Bb3 Bc5 8. c3
Bb6 9. d4 d6 10. Bg5 Bg4 11. d5 Na5 12. Nbd2 O-O 13. Bc2 h6 14. Be3 Bxe3 15.
Rxe3 Nc4 16. Nxc4 bxc4 17. Qe2 Rb8 18. Rb1 Qc8 19. Qxc4 Nd7 20. h3 Nb6 21. Qd3
Bd7 22. Ree1 Bb5 23. Qd1 Qd7 24. Bd3 Ba4 25. b3 Bb5 26. c4 Bxc4 27. Bxc4 Ra8
28. Qd3 Qd8 29. Bxa6 Nd7 30. Qe2 Nf6 31. a4 Nh5 32. Nd2 Qg5 33. Nf3 Qg6 34. g4
Nf4 35. Qf1 h5 36. Kh1 hxg4 37. hxg4 Qh6+ 38. Nh2 Qh4 39. Re3 Rxa6 40. Qxa6
Qxf2 41. Rg1 Qxe3 42. Qf1 Ne2 43. Rg2 Ng3+ 44. Rxg3 Qxg3 45. Qg2 Qe1+ 46. Qg1
Qxe4+ 47. Qg2 0-1

[Event "DSM WK M 2011"]
[Site "Karlsruhe GER"]
[Date "2011.05.14"]
[Round "4"]
[White "Kluge, Leyla"]
[Black "Kury, Valerie"]
[Result "0-1"]
[Termination "time forfeit"]
[Board "3.1"]
[WhiteElo "1426"]
[BlackElo "1253"]
[WhiteTeam "Clemens-Winkler-Gymnasium Aue"]
[BlackTeam "St. Ursula-Gymnasium Freiburg"]
[PlyCount "100"]
[WhiteFideId "12918172"]
[EventCountry "GER"]
[EventRounds "7"]
[EventType "team-swiss"]
[EventDate "2011.05.12"]

1. c4 Nf6 2. Nc3 d5 3. cxd5 Nxd5 4. Nf3 Nc6 5. d3 Bg4 6. Nd2 e6 7. g3 Bb4 8.
Nxd5 Qxd5 9. f3 Nd4 10. Bg2 Qc5 11. a3 Nc2+ 12. Qxc2 Qxc2 13. axb4 Bh5 14. Nc4
b5 15. Ne3 Qb3 16. O-O Qxb4 17. Rd1 Qc5 18. Bd2 O-O 19. Rac1 Qd4 20. b4 Rfc8
21. Kh1 c5 22. bxc5 Rxc5 23. Rxc5 Qxc5 24. Rc1 Qb6 25. Kg1 h6 26. Kf1 a5 27.
Ra1 b4 28. Nc4 Qd4 29. Ra2 Ra7 30. Be3 Qd7 31. Bxa7 Qxa7 32. Rxa5 Qd4 33. Rxh5
Qa1+ 34. Kf2 b3 35. Rb5 Qd4+ 36. Kf1 Qa1+ 37. Kf2 Qa4 38. Ra5 Qb4 39. Ra8+ Kh7
40. f4 b2 41. Nxb2 Qxb2 42. Be4+ f5 43. Bf3 Qd4+ 44. Kf1 Qc3 45. Ra7 Qc1+ 46.
Kg2 Qc5 47. Rb7 Qd6 48. e4 Qxd3 49. exf5 Qc2+ 50. Kg1 Qxf5 { und nach einigen
Zügen: Zeit} 0-1

[Event "DSM WK M 2011"]
[Site "Karlsruhe GER"]
[Date "2011.05.14"]
[Round "4"]
[White "Kury, Karolin"]
[Black "Münzner, Jasmin"]
[Result "0-1"]
[Termination "normal"]
[Board "3.2"]
[WhiteElo "867"]
[BlackElo "1100"]
[WhiteTeam "St. Ursula-Gymnasium Freiburg"]
[BlackTeam "Clemens-Winkler-Gymnasium Aue"]
[PlyCount "80"]
[EventCountry "GER"]
[EventRounds "7"]
[EventType "team-swiss"]
[EventDate "2011.05.12"]

1. e4 c5 2. Nf3 e6 3. Nc3 a6 4. Bc4 b5 5. Be2 Bb7 6. d4 cxd4 7. Nxd4 Nc6 8. Be3
g6 9. Bd3 Bg7 10. Nf3 Ne5 11. Ng5 Bf6 12. Bf4 Nxd3+ 13. Qxd3 Bxg5 14. Qd4 Bf6
15. Qd6 Qe7 16. Qc7 Bxc3+ 17. bxc3 Bxe4 18. Bd6 Qd8 19. Qc5 Rc8 20. Qe5 Nf6 21.
O-O Rg8 22. Ba3 Bd5 23. Bc1 Ng4 24. Bg5 Nxe5 25. Bxd8 Kxd8 26. Rfe1 d6 27. f4
Nd7 28. a4 Rxc3 29. axb5 axb5 30. Rab1 Rxc2 31. Kh1 Rxg2 32. h3 Re2+ 33. Kg1
Rxe1+ 34. Rxe1 b4 35. Rb1 b3 36. Kf2 Nc5 37. Ke3 Na4 38. Ra1 b2 39. Rxa4 b1=Q
40. Ra8+ Bxa8 0-1

[Event "DSM WK M 2011"]
[Site "Karlsruhe GER"]
[Date "2011.05.14"]
[Round "4"]
[White "Boden, Talitha"]
[Black "Bäcker, Deborah"]
[Result "1-0"]
[Termination "normal"]
[Board "3.3"]
[WhiteElo "922"]
[BlackElo "800"]
[WhiteTeam "Clemens-Winkler-Gymnasium Aue"]
[BlackTeam "St. Ursula-Gymnasium Freiburg"]
[PlyCount "83"]
[EventCountry "GER"]
[EventRounds "7"]
[EventType "team-swiss"]
[EventDate "2011.05.12"]

1. e4 e5 2. Nf3 Nc6 3. g3 Bc5 4. Bg2 Nf6 5. Nc3 O-O 6. O-O d6 7. d3 Bg4 8. Qe1
Bxf3 9. Bxf3 a6 10. Be3 Bb4 11. a3 Bxc3 12. Qxc3 Ne7 13. Bg5 Nd7 14. Qd2 Nb6
15. b3 Qd7 16. Bg2 d5 17. Rfe1 dxe4 18. Rxe4 Ned5 19. Rxe5 Rae8 20. Rae1 Qd6
21. Rxe8 Nf6 22. Bxf6 Qxf6 23. Rxf8+ Kxf8 24. Re4 g6 25. Qe1 Nd7 26. Re8+ Kg7
27. Rc8 c6 28. Re8 c5 29. Bxb7 Qd6 30. Bg2 Nf6 31. Qe5 Qxe5 32. Rxe5 Nd7 33.
Rd5 Nb8 34. Rxc5 h6 35. Bh3 g5 36. Rc8 g4 37. Bxg4 h5 38. Bh3 f5 39. Bxf5 Kf6
40. Bh3 h4 41. Rxb8 hxg3 42. hxg3 1-0

[Event "DSM WK M 2011"]
[Site "Karlsruhe GER"]
[Date "2011.05.14"]
[Round "4"]
[White "Tebartz van Elst, Antonia"]
[Black "Koller, Vivien"]
[Result "1-0"]
[Termination "normal"]
[Board "3.4"]
[WhiteElo "800"]
[BlackElo "837"]
[WhiteTeam "St. Ursula-Gymnasium Freiburg"]
[BlackTeam "Clemens-Winkler-Gymnasium Aue"]
[PlyCount "77"]
[EventCountry "GER"]
[EventRounds "7"]
[EventType "team-swiss"]
[EventDate "2011.05.12"]

1. e4 e5 2. Nf3 Nc6 3. Nc3 Nf6 4. Bc4 Qe7 5. O-O d6 6. Ng5 Bg4 7. Qe1 h6 8.
Nxf7 Rg8 9. d3 Qd7 10. Bd2 Be7 11. Nb5 Na5 12. Bxa5 b6 13. Bb4 a5 14. Bd2 c6
15. Nc3 d5 16. Nxe5 Qe6 17. Bf4 O-O-O 18. Bb3 b5 19. a4 Bb4 20. axb5 cxb5 21.
Ra2 g5 22. Bg3 Rh8 23. Qe3 Qe7 24. Nxb5 Qb7 25. Ba4 Qa6 26. c3 Be7 27. b4 axb4
28. cxb4 Nh5 29. Na7+ Kb8 30. Nec6+ Ka8 31. b5 Qxa7 32. Nxa7 Rd7 33. b6 Bd6 34.
e5 Be7 35. e6 Rb7 36. Rb2 Nxg3 37. fxg3 Rf8 38. Bc6 Ba3 39. Rb3 1-0

[Event "DSM WK M 2011"]
[Site "Karlsruhe GER"]
[Date "2011.05.14"]
[Round "4"]
[White "Brandl, Lea Maria"]
[Black "Hund, Sarah"]
[Result "1-0"]
[Termination "normal"]
[Board "4.1"]
[WhiteElo "1541"]
[BlackElo "1248"]
[WhiteTeam "Marienschule Limburg"]
[BlackTeam "Rotteck-Gymnasium Freiburg"]
[PlyCount "77"]
[WhiteFideId "24693049"]
[BlackFideId "12923338"]
[EventCountry "GER"]
[EventRounds "7"]
[EventType "team-swiss"]
[EventDate "2011.05.12"]

1. d4 Nf6 2. c4 e6 3. Nc3 Bb4 4. Qc2 O-O 5. a3 Bxc3+ 6. Qxc3 d5 7. Bg5 Nbd7 8.
Nf3 Re8 9. e3 Re7 10. Bd3 Qe8 11. Ne5 dxc4 12. Qxc4 Nb6 13. Qc2 Nbd5 14. e4 Nb6
15. Nf3 e5 16. dxe5 Rxe5 17. Nxe5 Qxe5 18. Bxf6 Qxf6 19. Qxc7 Be6 20. O-O Qxb2
21. Qxb7 Qe5 22. Rab1 Rd8 23. Rfd1 h6 24. Qxa7 Nc4 25. Bxc4 Rxd1+ 26. Rxd1 Bxc4
27. Qd4 Qb5 28. Qd8+ Kh7 29. Qd7 Qb3 30. Qd6 Be2 31. Re1 Qc3 32. Qb4 Qd3 33. h3
Bf3 34. gxf3 Qxf3 35. Re3 Qd1+ 36. Qe1 Qd6 37. Qb1 Qg6+ 38. Rg3 Qe6 39. e5+ 1-0

[Event "DSM WK M 2011"]
[Site "Karlsruhe GER"]
[Date "2011.05.14"]
[Round "4"]
[White "Krißmer, Maria"]
[Black "Liez, Franziska"]
[Result "0-1"]
[Termination "normal"]
[Board "4.2"]
[WhiteElo "1006"]
[BlackElo "1441"]
[WhiteTeam "Rotteck-Gymnasium Freiburg"]
[BlackTeam "Marienschule Limburg"]
[PlyCount "72"]
[BlackFideId "1271766"]
[EventCountry "GER"]
[EventRounds "7"]
[EventType "team-swiss"]
[EventDate "2011.05.12"]

1. e4 e5 2. Nf3 Nc6 3. Bc4 Nf6 4. Ng5 d5 5. exd5 Na5 6. Bb5+ c6 7. Be2 cxd5 8.
d4 e4 9. Bf4 h6 10. Nh3 Qb6 11. b3 Nc6 12. Be5 Be6 13. Nf4 Nxe5 14. dxe5 Nd7
15. O-O Qc6 16. Qc1 Nxe5 17. Na3 a6 18. Qb2 Bd6 19. Nxe6 fxe6 20. Bh5+ g6 21.
Bxg6+ Nxg6 22. Qg7 O-O-O 23. Qxg6 Bxa3 24. Qf6 Bc5 25. h3 Qb6 26. Rad1 Rdf8 27.
Qh4 Rhg8 28. g4 Rg6 29. Rd2 e3 30. fxe3 Bxe3+ 31. Rdf2 Bxf2+ 32. Rxf2 Rgf6 33.
Qg3 Rxf2 34. Qc3+ Kd8 35. Qg3 Rf1+ 36. Kg2 Qg1# 0-1

[Event "DSM WK M 2011"]
[Site "Karlsruhe GER"]
[Date "2011.05.14"]
[Round "4"]
[White "Liez, Tatjana"]
[Black "Atabay, Hatun"]
[Result "1-0"]
[Termination "normal"]
[Board "4.3"]
[WhiteElo "1391"]
[BlackElo "992"]
[WhiteTeam "Marienschule Limburg"]
[BlackTeam "Rotteck-Gymnasium Freiburg"]
[PlyCount "111"]
[WhiteFideId "1271769"]
[BlackFideId "12929603"]
[EventCountry "GER"]
[EventRounds "7"]
[EventType "team-swiss"]
[EventDate "2011.05.12"]

1. e4 e5 2. Nf3 Nc6 3. Bc4 Nf6 4. d3 d5 5. exd5 Na5 6. h3 Bc5 7. O-O O-O 8.
Nxe5 Nxc4 9. dxc4 Ne4 10. Nd3 Qf6 11. Nxc5 Nxc5 12. Qd2 Ne4 13. Qf4 Qxf4 14.
Bxf4 c6 15. dxc6 bxc6 16. Nd2 Bf5 17. Rac1 Nxd2 18. Bxd2 Be6 19. b3 Rad8 20.
Be3 a6 21. Rfd1 Rxd1+ 22. Rxd1 Bf5 23. Rd2 h6 24. c3 Rb8 25. b4 a5 26. bxa5 Kh7
27. a6 Rb1+ 28. Kh2 Bc8 29. a7 Bb7 30. Rd8 f5 31. a8=Q Bxa8 32. Rxa8 Rd1 33.
Rc8 Rd3 34. a4 Rxc3 35. a5 Rxc4 36. a6 f4 37. Bb6 Rb4 38. a7 Ra4 39. a8=Q Rxa8
40. Rxa8 g5 41. Rc8 Kg6 42. Rxc6+ Kh5 43. Rc5 Kg6 44. g3 fxg3+ 45. fxg3 Kh5 46.
Rd5 Kg6 47. g4 h5 48. gxh5+ Kxh5 49. Kg3 Kg6 50. Kg4 Kh6 51. Rxg5 Kh7 52. Kf5
Kh6 53. Kf6 Kh7 54. Rg4 Kh8 55. Kf7 Kh7 56. Rh4# 1-0

[Event "DSM WK M 2011"]
[Site "Karlsruhe GER"]
[Date "2011.05.14"]
[Round "4"]
[White "Langner, Helen"]
[Black "Heinz, Michelle"]
[Result "0-1"]
[Termination "normal"]
[Board "4.4"]
[WhiteElo "800"]
[BlackElo "1234"]
[WhiteTeam "Rotteck-Gymnasium Freiburg"]
[BlackTeam "Marienschule Limburg"]
[PlyCount "58"]
[BlackFideId "1271782"]
[EventCountry "GER"]
[EventRounds "7"]
[EventType "team-swiss"]
[EventDate "2011.05.12"]

1. e4 e5 2. Nf3 Nc6 3. Bc4 Nf6 4. Nc3 Bb4 5. Bxf7+ Kxf7 6. O-O Re8 7. Re1 Kg8
8. a3 Ba5 9. d3 d5 10. Be3 d4 11. Bd2 dxc3 12. bxc3 Bg4 13. Rb1 Bb6 14. Bg5 h6
15. Bh4 Qd6 16. h3 Bh5 17. Ra1 Ba5 18. Qd2 Bxf3 19. gxf3 Nd4 20. Kg2 Rf8 21.
Rg1 Nh5 22. Bg3 Qg6 23. Kf1 Nxf3 24. Rg2 Nxd2+ 25. Ke1 Bxc3 26. Bxe5 Qxg2 27.
Ke2 Qf3+ 28. Ke1 Nxe4+ 29. Kf1 Qxf2# 0-1

[Event "DSM WK M 2011"]
[Site "Karlsruhe GER"]
[Date "2011.05.14"]
[Round "4"]
[White "Hillmer, Nicole"]
[Black "Raab, Helen"]
[Result "0-1"]
[Termination "normal"]
[Board "5.1"]
[WhiteElo "1204"]
[BlackElo "1884"]
[WhiteTeam "Gymnasium Neureut"]
[BlackTeam "Gymnasium Mainz-Gonsenheim"]
[PlyCount "52"]
[BlackFideId "24653608"]
[EventCountry "GER"]
[EventRounds "7"]
[EventType "team-swiss"]
[EventDate "2011.05.12"]

1. e4 e6 2. Nc3 d5 3. exd5 exd5 4. d4 c6 5. Nf3 Bd6 6. Bd3 Ne7 7. O-O Bg4 8.
Re1 f6 9. Be2 Qc7 10. g3 Nd7 11. Nh4 Bxe2 12. Rxe2 O-O-O 13. Qe1 g5 14. Ng2 Ng6
15. Bd2 h5 16. h3 Nb6 17. b3 Kb8 18. a4 Qd7 19. Kh2 h4 20. Re6 hxg3+ 21. fxg3
Nf8 22. Rxd6 Rxh3+ 23. Kg1 Qxd6 24. g4 Ng6 25. Ne2 Qh2+ 26. Kf1 Rf3+ 0-1

[Event "DSM WK M 2011"]
[Site "Karlsruhe GER"]
[Date "2011.05.14"]
[Round "4"]
[White "Efinger, Leila"]
[Black "Schweiger, Yasmin"]
[Result "1-0"]
[Termination "normal"]
[Board "5.2"]
[WhiteElo "1069"]
[BlackElo "1063"]
[WhiteTeam "Gymnasium Mainz-Gonsenheim"]
[BlackTeam "Gymnasium Neureut"]
[PlyCount "111"]
[WhiteFideId "12931705"]
[EventCountry "GER"]
[EventRounds "7"]
[EventType "team-swiss"]
[EventDate "2011.05.12"]

1. d4 d5 2. Bf4 Nf6 3. e3 c6 4. Bd3 Nbd7 5. Nd2 e6 6. c3 c5 7. Ngf3 Be7 8. Qe2
O-O 9. O-O b6 10. e4 dxe4 11. Nxe4 Bb7 12. Rfe1 Nd5 13. Bg3 N7f6 14. dxc5 Nxe4
15. Qxe4 g6 16. cxb6 Qxb6 17. Qe2 Rad8 18. Rad1 Bf6 19. Ne5 Ne7 20. b4 Rc8 21.
Nd7 Qc6 22. Be4 Qxe4 23. Qxe4 Bxe4 24. Nxf8 Kxf8 25. Rxe4 Bxc3 26. h3 Nd5 27.
Bd6+ Ke8 28. Rxd5 Rc6 29. Rc5 Kd7 30. Rxc6 Kxc6 31. Rc4+ Kxd6 32. Rxc3 f5 33.
a4 e5 34. Kf1 Kd5 35. Rc7 a6 36. Rxh7 Kc4 37. Ra7 Kxb4 38. Rxa6 Kc5 39. Rxg6
Kb4 40. Rf6 f4 41. Re6 Kxa4 42. Rxe5 Kb4 43. Re8 Kc5 44. Rd8 Kc6 45. Ke2 Kc7
46. Rd1 Kc6 47. g3 fxg3 48. fxg3 Kc5 49. Ke3 Kc4 50. h4 Kc5 51. h5 Kc4 52. h6
Kc5 53. h7 Kc4 54. h8=Q Kb4 55. Rb1+ Ka5 56. Qa8# 1-0

[Event "DSM WK M 2011"]
[Site "Karlsruhe GER"]
[Date "2011.05.14"]
[Round "4"]
[White "Richter, Charlotte"]
[Black "Liedel, Linda"]
[Result "0-1"]
[Termination "normal"]
[Board "5.3"]
[WhiteElo "800"]
[BlackElo "898"]
[WhiteTeam "Gymnasium Neureut"]
[BlackTeam "Gymnasium Mainz-Gonsenheim"]
[PlyCount "110"]
[EventCountry "GER"]
[EventRounds "7"]
[EventType "team-swiss"]
[EventDate "2011.05.12"]

1. e4 e5 2. Nf3 Nc6 3. Bc4 Nf6 4. Nc3 Bb4 5. a3 Ba5 6. b4 Bb6 7. O-O Nd4 8.
Nxe5 O-O 9. d3 d6 10. Nf3 Bg4 11. h3 Bxf3 12. gxf3 Qd7 13. Kh2 Ne6 14. Qe2 Nh5
15. Nd5 c6 16. Nxb6 axb6 17. Bxe6 Qxe6 18. Rg1 Qe5+ 19. Kh1 Qxa1 20. Bh6 Qf6
21. Bg5 Qe6 22. Kh2 f6 23. Bh6 Rf7 24. Qe3 Qe5+ 25. Kh1 Kh8 26. f4 Qe7 27. Qf3
gxh6 28. Qxh5 Rg7 29. Qxh6 Rxg1+ 30. Kxg1 Qg7+ 31. Qxg7+ Kxg7 32. Kg2 Rxa3 33.
Kg3 c5 34. bxc5 bxc5 35. Kg4 Ra2 36. c4 Rxf2 37. h4 Rd2 38. h5 Rxd3 39. Kf5 Rc3
40. Ke6 Rxc4 41. Kf5 b5 42. e5 dxe5 43. fxe5 fxe5 44. Kxe5 b4 45. Kd5 Rc1 46.
Ke4 b3 47. Kd5 b2 48. Kc6 b1=Q 49. Kd5 Qd3+ 50. Ke5 Re1+ 51. Kf4 Qf1+ 52. Kg4
Qf2 53. h6+ Kxh6 54. Kh3 Qf3+ 55. Kh4 Rh1# 0-1

[Event "DSM WK M 2011"]
[Site "Karlsruhe GER"]
[Date "2011.05.14"]
[Round "4"]
[White "Beck, Clara"]
[Black "Schweiger, Lauralie"]
[Result "1-0"]
[Termination "normal"]
[Board "5.4"]
[WhiteElo "812"]
[BlackElo "830"]
[WhiteTeam "Gymnasium Mainz-Gonsenheim"]
[BlackTeam "Gymnasium Neureut"]
[PlyCount "91"]
[EventCountry "GER"]
[EventRounds "7"]
[EventType "team-swiss"]
[EventDate "2011.05.12"]

1. e4 e5 2. Nf3 Nc6 3. Nc3 Nf6 4. Bc4 Bb4 5. d3 O-O 6. O-O d6 7. a3 Bc5 8. Nd5
Bg4 9. Bg5 Nd4 10. Nxf6+ gxf6 11. Be3 f5 12. Bxd4 exd4 13. exf5 d5 14. Bb3 Qd7
15. Ne5 Qxf5 16. Qxg4+ Qxg4 17. Nxg4 Rad8 18. Nf6+ Kh8 19. Nxd5 c6 20. Nf4 Be7
21. Rfe1 Bg5 22. g3 Kg8 23. Re7 Bxe7 24. Re1 Rde8 25. Re4 c5 26. Nh5 Rc8 27.
Rxe7 b5 28. Nf6+ Kg7 29. Nd7 c4 30. Nxf8 Kxf8 31. Rxa7 cxb3 32. cxb3 Rc1+ 33.
Kg2 Rc2 34. Rd7 Rxb2 35. b4 Rb3 36. Rxd4 Rxa3 37. Rd5 Ke7 38. Rxb5 Rxd3 39.
Rb7+ Ke6 40. b5 f5 41. Rb8 Rd6 42. b6 Ke5 43. Re8+ Re6 44. Rxe6+ Kxe6 45. b7 h5
46. b8=Q 1-0

[Event "DSM WK M 2011"]
[Site "Karlsruhe GER"]
[Date "2011.05.14"]
[Round "4"]
[White "Wolff, Marie Antoinette"]
[Black "König, Isabel"]
[Result "0-1"]
[Termination "normal"]
[Board "6.1"]
[WhiteElo "1029"]
[BlackElo "910"]
[WhiteTeam "Louise-Henriette-Gymnasium Oranienburg"]
[BlackTeam "Gymnasium Altenholz"]
[PlyCount "52"]
[WhiteFideId "12908258"]
[BlackFideId "16210000"]
[EventCountry "GER"]
[EventRounds "7"]
[EventType "team-swiss"]
[EventDate "2011.05.12"]

1. e4 c5 2. Nf3 e6 3. d4 cxd4 4. Nxd4 d6 5. Nc3 Nf6 6. Bd3 Nbd7 7. Be3 Be7 8.
Qd2 O-O 9. O-O-O a6 10. f4 Qc7 11. f5 exf5 12. Nxf5 Re8 13. Nd5 Nxd5 14. exd5
Ne5 15. Qf2 Nxd3+ 16. Rxd3 Bf6 17. c3 b5 18. Qg3 Bxf5 19. Rd2 b4 20. Bd4 Bxd4
21. Rxd4 bxc3 22. bxc3 Qa5 23. Rb4 Qa3+ 24. Kd1 Qxa2 25. Qf2 Qxf2 26. g4 Qc2#
0-1